1514 1160 1436 1929 1527 1690 1959 1923 1192 1711 1895 1998 1006 1315 1579 1899 1304 1179 1104 1823 1631 1901 1919 1745 1205 1839 1712 1399 1673 1992 1231 1343 1949 1277 1631 1685 1613 1852 1408 1642 1051 1712 1317 1482 1826 1240 1364 1593 1106 1366 1971 2000 1635 1115 1447 1656 1238 1262 1479 1546 1218 1361 1370 1895 1826 1214 1310 1380 1064 1989 1253 1010 1011 1048 1016 1795 1380 1817 1111 1228 1973 1734 1657 1228 1610 1233 1860 1355 1516 1361 1998 1768 1311 1128 1296 1359 1799 1551 1206 BCNSPRNW ULIB Ver.6.0+V

เปลี่ยนเป็นภาษาไทย

Change to English
 แสดงรายละเอียดบรรณานุกรม
  กลับหน้าหลัก

Brief Record : Get Marc (ISO 2709) : E-mail record : QR code < ปิดหน้าต่าง
LEADER : 00000nam 2200000uu 4500
001    13399110583
003     ULIB
008    110603s2549||||th 000 0 tha d
020    9749405447
050  4 HF5415.5^bส223ช 2549
100 1  สเปคเตอร์, โรเบิร์ต
245 10 ใช้หัวใจให้บริการ =^bThe Nordstrom way to customer service excellence /^cRobert, Spector and Patrick, McCarthy ;แปลและเรียบเรียงโดย ปฏิพล ตั้งจักรวรานนท์
246 31 The Nordstrom way to customer service excellence
250    พิมพ์ครั้งที่ 1
260    กรุงเทพฯ :^bบิสคิต,^c2549
300    389 หน้า ;^c21 ซม.
500    แปลและเรียบเรียงมาจาก The Nordstrom way to customerservice excellence / Robert Spector and Patrick McCarthy
650  7 บริการลูกค้า
650  7 บุคลากร^xการจัดการ
700 1  Spector, Robert
700 1  McCarthy, Patrick
700 0  ปฏิพล ตั้งจักรวรานนท์,^eผู้แปล
945    ^p295^l0^i18217
995    เกษร
999    ^aใช้งานได้ทุกระบบ
รายการนี้ยังไม่มีแท็ก
คุณยังไม่ได้ล็อกอิน คุณสามารถมีกิจกรรมร่วมกับเว็บไซต์ได้ แต่ต้องล็อกอินก่อน ::
  ล็อกอิน

รายการสื่อสารสนเทศ

ลำดับที่ ประเภท เลขเรียก/บาร์โค้ด สถานที่ สถานะ
- ไม่พบข้อมูล -

รายการใกล้เคียง
    ผู้แต่ง [สเปคเตอร์, โรเบิร์ต]

    หัวเรื่อง [บริการลูกค้า]

BibComment


ยังไม่เคยถูกคอมเมนท์

คอมเมนท์ทรัพยากรรายการนี้
  คอมเมนท์: ใช้หัวใจให้บริการ..


 Copyright 2026. Bcnsprnw @Library